000
00299 a2200121 4500
001
48509
040
_c
Anchieta - Bela Vista
100
_a
Feliciani, Mario Rui
240
1
0
_a
O livro das combinações
_l
por
245
1
0
_a
O livro das combinações
650
4
_a
Literatura infanto-juvenil
942
_c
BK
999
_c
48509
_d
48509